|
|
|
|
| LEADER |
00000cam a22000002c 4500 |
| 001 |
1080199381 |
| 003 |
DE-627 |
| 005 |
20260206195612.0 |
| 007 |
tu |
| 008 |
850101s1957 xx ||||| 00| ||ger c |
| 035 |
|
|
|a (DE-627)1080199381
|
| 035 |
|
|
|a (DE-603)205995020
|
| 035 |
|
|
|a (DE-576)010199381
|
| 035 |
|
|
|a (DE-599)BSZ010199381
|
| 035 |
|
|
|a (OCoLC)14599059
|
| 040 |
|
|
|a DE-627
|b ger
|c DE-627
|e rakwb
|
| 041 |
|
|
|a ger
|
| 084 |
|
|
|a PH 9020
|2 rvk
|0 (DE-625)rvk/136530:
|
| 100 |
1 |
|
|8 1\p
|a Reisner, Herbert
|d 1912-1982
|0 (DE-588)118599577
|0 (DE-627)694816272
|0 (DE-576)209081651
|4 aut
|
| 109 |
|
|
|a Reisner, Herbert 1912-1982
|
| 245 |
1 |
4 |
|a Das psychiatrische Fakultätsgutachten
|c Herbert Reisner
|
| 264 |
|
1 |
|a Wien
|b Springer-Verlag
|c 1957
|
| 300 |
|
|
|a 113 S.
|
| 336 |
|
|
|a Text
|b txt
|2 rdacontent
|
| 337 |
|
|
|a ohne Hilfsmittel zu benutzen
|b n
|2 rdamedia
|
| 338 |
|
|
|a Band
|b nc
|2 rdacarrier
|
| 500 |
|
|
|a Erweitert aus: Wiener Zeitschrift für Nervenheilkunde und deren Grenzgebiete ; Bd. 14, H. 1-3
|
| 883 |
|
|
|8 1\p
|a cgwrk
|d 20241001
|q DE-101
|u https://d-nb.info/provenance/plan#cgwrk
|
| 935 |
|
|
|c so
|
| 935 |
|
|
|h HEB
|i 0501
|
| 935 |
|
|
|h HEB
|i 0503
|
| 936 |
r |
v |
|a PH 9020
|b Strafjustiz; Strafverfahren; Rechtsmedizin; Gerichtlicher Sachverständiger; Gerichtliche Psychiatrie; Kriminalpsychiatrie; Gerichtliche Psychologie; Aussagepsychologie
|k Rechtswissenschaft
|k Strafrecht, Strafverfahrensrecht, Kriminologie
|k Kriminologie
|k Strafverfahren und Strafvollzug; Empirische Bezugswissenschaften zur Kriminalrechtspflege; Forschung zu strafrechtlicher Sozialkontrolle
|k Strafjustiz; Strafverfahren; Rechtsmedizin; Gerichtlicher Sachverständiger; Gerichtliche Psychiatrie; Kriminalpsychiatrie; Gerichtliche Psychologie; Aussagepsychologie
|0 (DE-627)1271677156
|0 (DE-625)rvk/136530:
|0 (DE-576)201677156
|
| 936 |
s |
n |
|a p100
|2 mzub
|
| 951 |
|
|
|a BO
|
| ELC |
|
|
|b 1
|
| LOK |
|
|
|0 000 xxxxxcx a22 zn 4500
|
| LOK |
|
|
|0 001 2873282657
|
| LOK |
|
|
|0 003 DE-627
|
| LOK |
|
|
|0 004 1080199381
|
| LOK |
|
|
|0 005 20151116135305
|
| LOK |
|
|
|0 008 150728||||||||||||||||ger|||||||
|
| LOK |
|
|
|0 035
|a (DE-21-110)kd36286
|
| LOK |
|
|
|0 040
|a DE-21-110
|c DE-627
|d DE-21-110
|
| LOK |
|
|
|0 852
|a DE-21-110
|
| LOK |
|
|
|0 852 1
|c M IX 41
|m p
|9 00
|
| LOK |
|
|
|0 935
|a k110
|
| LOK |
|
|
|0 938
|k p
|
| LOK |
|
|
|0 939
|a 28-07-15
|b l01
|
| ORI |
|
|
|a SA-MARC-krimdoka001.raw
|
| SIG |
|
|
|a IFK: M IX 41
|